000 00305nam a22001337a 4500
008 170405b xxu||||| |||| 00| 0 eng d
020 _a9780073383255
041 _aeng
080 _211TH
_a 574
100 _a9
101 _aSHM
245 _aENVIRONMENTAL SCIENCE
_cCUNNINGHAM, W.P
942 _2udc
_cBK
999 _c9834
_d9834